header

First signals (Record no. 214282)

MARC details
000 -LEADER
fixed length control field 01318nam a2200337Ia 4500
100 1# - MAIN ENTRY--AUTHOR NAME
Personal name Bonner, John Tyler.
245 10 - TITLE STATEMENT
Title First signals
260 ## - PUBLICATION, DISTRIBUTION, ETC. (IMPRINT)
Place of publication Princeton, N.J. :
Name of publisher Princeton University Press,
Year of publication c2000.
300 ## - PHYSICAL DESCRIPTION
Number of Pages xi, 146 p. :
Other physical details ill.
650 #0 - SUBJECT ADDED ENTRY--TOPICAL TERM
Topical Term Cell interaction.
Topical Term Cells
Topical Term Developmental biology.
Topical Term Developmental cytology.
856 40 - ELECTRONIC LOCATION AND ACCESS
Uniform Resource Identifier http://site.ebrary.com/lib/rucke/Doc?id=10364730

No items available.

© 2026 Rongo University
Contact us: librarian | system librarian | Rongo university